[Event "New York 1000 GM Spring Schev"]
[Site "New York"]
[Date "2024.03.30"]
[Round "6.2"]
[White "Fedorowicz, John P"]
[Black "Cherukuri, Nitesh"]
[Result "1-0"]
[WhiteElo "2372"]
[BlackElo "2000"]
[PlyCount "65"]
[EventDate "2024.03.27"]
[EventType "schev"]
[EventRounds "9"]
[EventCountry "USA"]
[SourceTitle "CB14_2024"]
[SourceDate "2024.04.01"]
[SourceVersion "1"]
[SourceVersionDate "2024.04.01"]
[SourceQuality "1"]

1. d4 Nf6 2. c4 g6 3. Nf3 Bg7 4. g3 0-0 5. Bg2 d6 6. Nc3 Nc6 7. d5 Na5 8. b3 c5 9. Bb2 a6 10. 0-0 Rb8 11. Nd2 b5 12. Qc2 bxc4 13. bxc4 e5 14. Nd1 Nh5 15. Bc3 Bd7 16. e4 f5 17. exf5 gxf5 18. Rb1 Rxb1 19. Qxb1 Qc7 20. Qb2 Nb7 21. f4 exf4 22. Bxg7 Nxg7 23. gxf4 Re8 24. Bf3 Re7 25. Kh1 Ne8 26. Bh5 Ng7 27. Rg1 Be8 28. Bxe8 Rxe8 29. Nf3 Nd8 30. Nh4 Qe7 31. Ne3 Kf8 32. Nhxf5 Nxf5 33. Qh8+ 1-0

[Event "New York 1000 GM Spring Schev"]
[Site "New York"]
[Date "2024.03.28"]
[Round "2.5"]
[White "Bonin, Jay R"]
[Black "Cherukuri, Nitesh"]
[Result "1/2-1/2"]
[WhiteElo "2154"]
[BlackElo "2000"]
[PlyCount "85"]
[EventDate "2024.03.27"]
[EventType "schev"]
[EventRounds "9"]
[EventCountry "USA"]
[SourceTitle "CB14_2024"]
[SourceDate "2024.04.01"]
[SourceVersion "1"]
[SourceVersionDate "2024.04.01"]
[SourceQuality "1"]

1. d4 Nf6 2. Nf3 g6 3. c4 Bg7 4. Nc3 0-0 5. e4 d6 6. Be2 e5 7. dxe5 dxe5 8. Qxd8 Rxd8 9. Bg5 Be6 10. Nd5 Bxd5 11. cxd5 c6 12. Bc4 b5 13. Bb3 a5 14. a4 bxa4 15. Rxa4 Nbd7 16. dxc6 Nc5 17. Ra3 Nxb3 18. Rxb3 Rac8 19. Rb6 Rd6 20. Bxf6 Bxf6 21. Ke2 Rdxc6 22. Rxc6 Rxc6 23. Kd3 Rb6 24. Kc2 Rb4 25. Re1 Kf8 26. Nd2 Be7 27. f3 a4 28. Ra1 Bc5 29. Nb1 Rc4+ 30. Nc3 a3 31. Kd3 Rd4+ 32. Kc2 axb2 33. Rb1 Rc4 34. Rxb2 Bd4 35. Rb3 Ke7 36. Kd3 Rxc3+ 37. Rxc3 Bxc3 38. Kxc3 Kd6 39. Kb4 Kc6 40. Kc4 g5 41. g3 h5 42. h3 h4 43. g4 1/2-1/2

[Event "Reykjavik op"]
[Site "Reykjavik"]
[Date "2024.03.20"]
[Round "8"]
[White "Cherukuri, Nitesh"]
[Black "Abbott, James M"]
[Result "1/2-1/2"]
[WhiteElo "2000"]
[BlackElo "1852"]
[PlyCount "89"]
[EventDate "2024.03.15"]
[EventType "swiss"]
[EventRounds "9"]
[EventCountry "ISL"]
[SourceTitle "CB13_2024"]
[SourceDate "2024.03.27"]
[SourceVersion "1"]
[SourceVersionDate "2024.03.27"]
[SourceQuality "1"]

1. e4 c5 2. Nf3 d6 3. Bb5+ Nd7 4. a4 a6 5. Be2 e6 6. 0-0 Ne7 7. d4 cxd4 8. Qxd4 Nc6 9. Qe3 Be7 10. Nc3 0-0 11. Rd1 Nb4 12. Ne1 Qc7 13. Qg3 Ne5 14. Bf4 b6 15. Ra3 Rd8 16. Be3 Rb8 17. f4 Nd7 18. h4 Nc5 19. h5 h6 20. Bd4 Bf8 21. Bf3 Qe7 22. Rd2 Nc6 23. Be3 Na5 24. b3 Nc6 25. Ra1 Kh8 26. Rad1 Bb7 27. Nd3 Ba8 28. Qf2 Nxd3 29. cxd3 b5 30. axb5 axb5 31. d4 b4 32. Ne2 Na5 33. Rb2 d5 34. e5 Rdc8 35. g4 Bc6 36. f5 Be8 37. f6 gxf6 38. exf6 Qxf6 39. Bf4 Bg7 40. Bxb8 Rxb8 41. Bg2 Bb5 42. Qg3 Rc8 43. Bf1 Kg8 44. Kg2 e5 45. Qe1 1/2-1/2

[Event "Reykjavik op"]
[Site "Reykjavik"]
[Date "2024.03.19"]
[Round "7"]
[White "Demir, Mustafa"]
[Black "Cherukuri, Nitesh"]
[Result "1/2-1/2"]
[WhiteElo "1842"]
[BlackElo "2000"]
[PlyCount "95"]
[EventDate "2024.03.15"]
[EventType "swiss"]
[EventRounds "9"]
[EventCountry "ISL"]
[SourceTitle "CB13_2024"]
[SourceDate "2024.03.27"]
[SourceVersion "1"]
[SourceVersionDate "2024.03.27"]
[SourceQuality "1"]

1. e4 c6 2. d4 d5 3. Nc3 dxe4 4. Nxe4 Nf6 5. Nxf6+ exf6 6. c3 Bd6 7. Bd3 0-0 8. Qc2 Re8+ 9. Ne2 h5 10. 0-0 h4 11. h3 Nd7 12. Be3 Nf8 13. Rad1 Bd7 14. c4 Bb8 15. Rfe1 Qc7 16. Kf1 Qh2 17. Ng1 Ne6 18. Bh7+ Kh8 19. Bf5 Bd6 20. c5 Bc7 21. Be4 Nf4 22. Bxf4 Qxf4 23. Qe2 Kg8 24. Qf3 Qg5 25. Bc2 Ba5 26. Rxe8+ Rxe8 27. Qd3 g6 28. Nf3 Qf4 29. Kg1 Be6 30. a3 Bd5 31. b4 Bc7 32. Re1 Rxe1+ 33. Nxe1 Qh2+ 34. Kf1 Bxg2+ 35. Nxg2 Qh1+ 36. Ke2 Qxg2 37. Qf3 Qg5 38. Qg4 Qxg4+ 39. hxg4 Kf8 40. Be4 Ke7 41. d5 Kd7 42. Bg2 Bf4 43. a4 a6 44. Kd3 g5 45. Kc4 Bd2 46. b5 axb5+ 47. axb5 cxb5+ 48. Kxb5 1/2-1/2

[Event "Reykjavik op"]
[Site "Reykjavik"]
[Date "2024.03.18"]
[Round "5"]
[White "Jaroszewicz, Dawid"]
[Black "Cherukuri, Nitesh"]
[Result "0-1"]
[WhiteElo "1757"]
[BlackElo "2000"]
[PlyCount "84"]
[EventDate "2024.03.15"]
[EventType "swiss"]
[EventRounds "9"]
[EventCountry "ISL"]
[SourceTitle "CB13_2024"]
[SourceDate "2024.03.27"]
[SourceVersion "1"]
[SourceVersionDate "2024.03.27"]
[SourceQuality "1"]

1. Nf3 Nf6 2. c4 g6 3. d4 Bg7 4. Nc3 d6 5. h3 0-0 6. e4 c5 7. d5 e6 8. Bd3 exd5 9. exd5 Re8+ 10. Be3 Bh6 11. Qd2 Qe7 12. 0-0-0 Bxe3 13. Qxe3 Qxe3+ 14. fxe3 a6 15. Ng5 Rxe3 16. Nge4 Nxe4 17. Nxe4 Bf5 18. Nf6+ Kg7 19. Nh5+ Kh6 20. Bxf5 gxf5 21. g4 Nd7 22. Rdf1 fxg4 23. hxg4 Kg6 24. Rf5 Re5 25. Nf4+ Kg7 26. Nh5+ Kg6 27. Nf4+ Kg7 28. Nh5+ Kf8 29. Nf6 Nxf6 30. Rxf6 Ke7 31. Rhf1 Rf8 32. Rh6 Re4 33. b3 Rxg4 34. Re1+ Kd7 35. Rxh7 Rf4 36. a4 Rf2 37. Rg7 Rf3 38. Kc2 Rh8 39. Re2 Rhh3 40. Rg8 Rc3+ 41. Kd1 Rhd3+ 42. Ke1 Re3 0-1

[Event "Reykjavik op"]
[Site "Reykjavik"]
[Date "2024.03.17"]
[Round "4"]
[White "Cherukuri, Nitesh"]
[Black "Hu, Zhening"]
[Result "1/2-1/2"]
[WhiteElo "2000"]
[BlackElo "1776"]
[PlyCount "55"]
[EventDate "2024.03.15"]
[EventType "swiss"]
[EventRounds "9"]
[EventCountry "ISL"]
[SourceTitle "CB13_2024"]
[SourceDate "2024.03.27"]
[SourceVersion "1"]
[SourceVersionDate "2024.03.27"]
[SourceQuality "1"]

1. e4 e5 2. Nf3 Nc6 3. Bc4 Bc5 4. c3 Nf6 5. d3 d6 6. 0-0 0-0 7. Re1 h6 8. Nbd2 Bb6 9. Nf1 Be6 10. Bxe6 fxe6 11. Ng3 Qe8 12. Be3 Qf7 13. Qc2 Nh5 14. Bxb6 axb6 15. d4 Nf4 16. Re3 Qf6 17. Qd1 b5 18. a4 bxa4 19. Rxa4 b5 20. dxe5 Nxe5 21. Rxa8 Rxa8 22. Nxe5 Qxe5 23. Ne2 Nxe2+ 24. Rxe2 Ra4 25. Qe1 Qc5 26. g3 e5 27. Kg2 Qc6 28. f3 1/2-1/2

[Event "Reykjavik op"]
[Site "Reykjavik"]
[Date "2024.03.16"]
[Round "2"]
[White "Cherukuri, Nitesh"]
[Black "Vollmar, Timo"]
[Result "1/2-1/2"]
[WhiteElo "2000"]
[BlackElo "1809"]
[PlyCount "124"]
[EventDate "2024.03.15"]
[EventType "swiss"]
[EventRounds "9"]
[EventCountry "ISL"]
[SourceTitle "CB13_2024"]
[SourceDate "2024.03.27"]
[SourceVersion "1"]
[SourceVersionDate "2024.03.27"]
[SourceQuality "1"]

1. e4 e5 2. Nf3 Nc6 3. Bc4 Bc5 4. c3 Nf6 5. d3 0-0 6. 0-0 d5 7. exd5 Nxd5 8. a4 a5 9. Nbd2 Bf5 10. Ne4 Be7 11. Re1 Nb6 12. Bb5 f6 13. Be3 Bxe4 14. dxe4 Qxd1 15. Raxd1 Rad8 16. Nd2 Na7 17. Bc4+ Nxc4 18. Nxc4 Nc6 19. Rd5 b6 20. Red1 Rxd5 21. exd5 Rd8 22. f4 exf4 23. Bxf4 Bc5+ 24. Kh1 Ne7 25. Bxc7 Rxd5 26. Rb1 Nc8 27. h3 Rd7 28. Bg3 Rd3 29. Bb8 Nd6 30. Bxd6 Bxd6 31. Nxb6 Bc7 32. Nc4 Kf7 33. Re1 Bg3 34. Rc1 Bf4 35. Rf1 Bc7 36. Kg1 Ke6 37. Rf3 Rd1+ 38. Kf2 Ra1 39. Re3+ Kd5 40. b3 Rb1 41. Re7 Be5 42. Nxe5 fxe5 43. Rb7 Ke4 44. Rb5 Rb2+ 45. Kg3 Rc2 46. Rc5 h5 47. b4 h4+ 48. Kh2 axb4 49. cxb4 Rb2 50. Rb5 Kd4 51. a5 Ra2 52. Rb8 e4 53. b5 Rxa5 54. b6 Rb5 55. b7 Ke3 56. Kg1 Rb1+ 57. Kh2 Rb3 58. Kg1 Rb2 59. Kh2 Rb1 60. g4 Rb2+ 61. Kg1 g5 62. Kh1 Rb1+ 1/2-1/2

[Event "Reykjavik op"]
[Site "Reykjavik"]
[Date "2024.03.15"]
[Round "1"]
[White "Sidhant, Mohapatra"]
[Black "Cherukuri, Nitesh"]
[Result "1-0"]
[WhiteElo "2379"]
[BlackElo "2000"]
[PlyCount "79"]
[EventDate "2024.03.15"]
[EventType "swiss"]
[EventRounds "9"]
[EventCountry "ISL"]
[SourceTitle "CB13_2024"]
[SourceDate "2024.03.27"]
[SourceVersion "1"]
[SourceVersionDate "2024.03.27"]
[SourceQuality "1"]

1. e4 c6 2. d4 d5 3. e5 c5 4. c3 Nc6 5. Be2 cxd4 6. cxd4 Bf5 7. Nf3 e6 8. 0-0 h6 9. Nc3 g5 10. Be3 Nge7 11. Rc1 Ng6 12. Na4 Be7 13. Nc5 Rb8 14. Ne1 Nf4 15. Bb5 Qb6 16. Qa4 Bxc5 17. Rxc5 0-0 18. Qd1 Kh7 19. b3 Rg8 20. f3 Nb4 21. g4 Bg6 22. Bxf4 gxf4 23. Qd2 Na6 24. Bxa6 Qxa6 25. Ng2 Rbc8 26. Rfc1 Rxc5 27. Rxc5 h5 28. h3 hxg4 29. hxg4 b6 30. Rc7 Rc8 31. Rxc8 Qxc8 32. Nxf4 Bb1 33. Nh5 Kg6 34. Qf4 Qd8 35. Qc1 Bf5 36. Nf4+ Kh7 37. gxf5 Qh4 38. fxe6 fxe6 39. Qc7+ Kh6 40. Qf7 1-0

[Event "North American-ch U20"]
[Site "Dulles"]
[Date "2023.12.21"]
[Round "5"]
[White "Ananth, Ananya"]
[Black "Cherukuri, Nitesh"]
[Result "0-1"]
[WhiteElo "1706"]
[BlackElo "1944"]
[PlyCount "96"]
[EventDate "2023.12.19"]
[EventType "swiss"]
[EventRounds "9"]
[EventCountry "USA"]
[SourceTitle "CB52_2023"]
[SourceDate "2023.12.27"]
[SourceVersion "1"]
[SourceVersionDate "2023.12.27"]
[SourceQuality "1"]

1. d4 Nf6 2. c4 g6 3. g3 Bg7 4. Bg2 d6 5. Nc3 0-0 6. Nf3 Nc6 7. 0-0 e5 8. d5 Nb8 9. e4 a5 10. Ne1 Na6 11. Bg5 h6 12. Bxf6 Qxf6 13. Nd3 b6 14. Kh1 Qe7 15. f4 exf4 16. Nxf4 Nc5 17. Qc2 Ba6 18. b3 Qe5 19. Rac1 Rae8 20. Nd3 Nxd3 21. Qxd3 Re7 22. Nb1 Rfe8 23. Nd2 Bc8 24. a3 Qb2 25. Nb1 f5 26. Nd2 Qxa3 27. Rce1 Qb2 28. h4 Qc3 29. Rf3 Qxd3 30. Rxd3 fxe4 31. Nxe4 Bf5 32. Rde3 Bd4 33. R3e2 Bg4 34. Rc2 Kg7 35. Kh2 Bf5 36. Rce2 Bc5 37. g4 Bxg4 38. Rc2 Bf5 39. Rce2 Bb4 40. Nc3 Rxe2 41. Rxe2 Rxe2 42. Nxe2 Bc5 43. Nf4 Bc2 44. Ne6+ Kf6 45. Nxc7 Bxb3 46. Bf1 a4 47. Nb5 a3 48. Kg2 Ke5 0-1